| 000 | 00845nam a22002177a 4500 | ||
|---|---|---|---|
| 003 | OSt | ||
| 005 | 20260306084940.0 | ||
| 008 | 260306b |||||||| |||| 00| 0 eng d | ||
| 020 | _a978-621-406-436-6 | ||
| 040 |
_aDWCL Main lib _cOC |
||
| 082 | _aFil. 647.94 B928r 2025 | ||
| 100 | _aBuenaventura, John Paul G. | ||
| 245 |
_aRevenue management in the tourism and hospitality industry: _ba comprehensive guide to maximizing profitability with data analytics and reporting tools _cJohn Paul G. Buenaventura |
||
| 260 |
_aManila, Philippines: _bMindshapers, _cc2025. |
||
| 300 |
_ax, 146 pages: _billustrations; _c25 cm. |
||
| 504 | _aIncludes bibliographical references. | ||
| 650 | _a1. Hospitality industry--management. | ||
| 650 | _a2. Revenue management. | ||
| 700 | _aLiberty Buenaventure-Gutierrez | ||
| 942 |
_2ddc _cBK - FIL _kFil. _n0 |
||
| 999 |
_c8735 _d8735 |
||